| 000 -LEADER |
| fixed length control field |
00645cam a22001337a 4500 |
| 008 - FIXED-LENGTH DATA ELEMENTS--GENERAL INFORMATION |
| fixed length control field |
180718b xxu||||| |||| 00| 0 eng d |
| 082 ## - DEWEY DECIMAL CLASSIFICATION NUMBER |
| Classification number |
Z442x54 R319 |
| 245 ## - TITLE STATEMENT |
| Title |
General report of the committee of direction all-India rural credit survey |
| Statement of responsibility, etc. |
by Committee of Direction of the All-India Rural Credit Survey, Reserve bank of India |
| 260 ## - PUBLICATION, DISTRIBUTION, ETC. |
| Place of publication, distribution, etc. |
Bombay |
| Name of publisher, distributor, etc. |
Reserve bank of India |
| Date of publication, distribution, etc. |
|
| 500 ## - GENERAL NOTE |
| General note |
Contents: Library has v.1. The survey report(Part 1 and 2) v.3. The technical report |
| 650 ## - SUBJECT ADDED ENTRY--TOPICAL TERM |
| Topical term or geographic name entry element |
India --Rural conditions |
| 650 ## - SUBJECT ADDED ENTRY--TOPICAL TERM |
| Topical term or geographic name entry element |
Agricultural credit --India |
| 700 ## - ADDED ENTRY--PERSONAL NAME |
| Personal name |
Reserve bank of India. Committee of Direction of the All-India Rural Credit Survey |